000 00557nam a2200217Ia 4500
003 0100
008 130227s9999 xx 000 0 und d
040 _cARRUPELIB
050 _aB105.A35.L69 2008
100 _aLowe, E. Jonathan
245 _aPersonal agency
245 _bthe metaphysics of mind and action
260 _bOxford University Press
260 _C2008
300 _axvi
300 _b 222p. 24cm.
650 _bRhetoric, Ancient
650 _cOratory--1500-1800
650 _dAristotle, Rhetoric. English.1986
942 _2lcc
_01
999 _c4309
_d4309